Fuero agrario Especial tratamiento del Ordenamiento Jurd̕ico de la provincia de Buenos Aires

Detalles Bibliográficos
Autor principal: Pastorino, Leonardo
Formato: eBook
Lenguaje:español
Publicado: La Plata : Editorial Scotti Libros, 1998
Materias:
Acceso en línea:http://www.vlex.com/source/6742

MARC

LEADER 00000nam a22000007a 4500
005 20130215150603.0
007 cr|||| ||||
008 130215e1998 ag |||||s|||| 00| 0 spa d
020 |a 9879086198 
035 |a 6742 
040 |a vLex 
090 |c 3666  |d 3666 
100 1 0 |a Pastorino, Leonardo 
245 1 0 |a Fuero agrario  |b Especial tratamiento del Ordenamiento Jurd̕ico de la provincia de Buenos Aires  |h [Recurso electrn̤ico]  
256 |a Servicio en ln̕ea 
260 |a La Plata :  |b Editorial Scotti Libros,   |c 1998 
300 |a 1 Registro electrn̤ico 
650 0 4 |a Derecho agrario  |z Argentina 
650 0 4 |a Derecho laboral  |z Argentina 
650 0 4 |a Agricultura   |z Argentina 
740 |a vLex Libros (Servicio en ln̕ea) 
856 |a Acceso restringido  |u http://www.vlex.com/source/6742 
942 |c BOOK 
999 0 |a Labor laws and legislation